Quizzes
Events
Quiz Creation
Community
Videos
Private Events
Remove Ads
Sign In
Join for FREE
Feedback
Dark Mode
Quiz Categories
Sports
Geography
Music
Movies
Television
Just For Fun
Miscellaneous
History
Literature
Language
Science
Gaming
Entertainment
Religion
Holiday
For Kids
Quiz Lab
Recent
Popular Today
Quiz Kudos Today
Editor Picks
Curator Picks
Quizzes by...
Day
Popularity
Type
Ratings
Length
Year
Community
Subscriptions
Recent Discussions
Orange Saloon
Badges
Playlists
Quests
Create
Leaderboards
Showdown
Live 5
Trivia Bingo
Activity
Puzzle Library
Sporcle Events
Private Events
Virtual Trivia
Globe League
Become a Host
Pub Owners
SporcleCon
Opinionation
Our Games
Videos
Blog
Mobile Apps
Partnerships
Remove Ads and Go Orange
Feedback
Music
Pop Music
The Beatles
Song
Album
Lyrics
Bands
Singers
Artist
Clip
Rock
Rap
Classical
Billboard
Country Music
Kpop
Taylor Swift
Music
Pop Music
The Beatles
Song
Album
Lyrics
Bands
Singers
Artist
Clip
Rock
Rap
Classical
Billboard
Country Music
Kpop
Taylor Swift
Random Quiz
Search Sporcle
×
Quiz Lab
Quiz Lab
Music
Famous
Type in answers that appear in a list
Type in answers that appear in a list
Classic
Best Score? Go Orange.
Classic Electric Guitars Stats
Can you name the classic electric guitars pictured here?
By
redwing61
6m
25 Questions
262 Plays
262 Plays
262 Plays
Comments
Comments
Give Quiz Kudos
Give Quiz Kudos
-
- Ratings
hide this ad
More Info
Replay
Link that replays current quiz
Next Quiz
Link to next quiz in quiz playlist
You Got
0%
They Got
Avg Score
35%
Avg Friend Score
Upgrade to see
Score Distribution
Jump to the score distribution portion of the page
Score
0/25
Timer
06:00
0
Plays Today
#
Guitar make and model
% Correct
7.
Fender Stratocaster
88.2%
21.
Gibson SG
88.2%
24.
Gibson Les Paul
85.1%
19.
Fender Telecaster
82.8%
3.
Gibson Flying V
76%
11.
Fender Jaguar
67.2%
15.
Gibson Explorer
64.5%
17.
Gibson Firebird
55.7%
1.
Gibson ES-335
51.5%
6.
Danelectro Shorthorn
28.2%
4.
Rickenbacker 330
26.3%
10.
Gretsch White Falcon
26%
20.
Parker Fly
23.3%
#
Guitar make and model
% Correct
9.
Jackson Randy Rhoads
18.7%
2.
PRS Custom 24
17.2%
5.
Steinberger Synapse
15.3%
18.
Jackson Dinky
10.3%
8.
Gibson RD
9.2%
16.
Vox Phantom
8.8%
25.
Music Man Albert Lee
8%
23.
Rickenbacker 620
7.6%
13.
Gibson Corvus
5.7%
14.
Zemaitis MF501
5.7%
12.
Gretsch Black Penguin
5%
22.
Vox Mark III
2.7%
Quiz Playlist
Details
Report
Send in Message
Add To Playlist
More Info:
If you know the make but not the model, enter the make anyway. For three entries, that will suffice.
Classic:
Type in answers that appear in a list
Last Updated: Feb 16, 2017
Quiz Scoreboard
CHALLENGE
Sign Up to Join the Scoreboard
Show All
Scores
Hide
Comments
May contain spoilers
Recently Published
TV Characters by Other Roles V
by ghcgh
Television
5m
Decade Duel: World Leaders
by jenniferyan
History
4m
Alphabetical 'K' Countries by Flag Minefield
by ylime102
Geography
3m
More to Explore
Quiz From the Vault
Featured Blog Post
15 Basketball Trivia Facts You Can Be March Mad About
hide this ad
You Might Also Like...
Tags
Famous Quiz
classic
electric
guitar
model
Player
Today's Top Quizzes in Music
Browse Music
hide this ad
Today's Top Quizzes in Famous
Browse Famous
Top Contributed Quizzes in Music
1
Taylor Swift All Songs (2024)
2
Decade Duel: Singer
3
Taylor Swift Logic Puzzle
4
KPOP LOGIC QUIZ
5
Guess the Taylor Swift song (Mystery Song)
6
Guess The Taylor Swift Lyrics Song #1
7
A Taylor Swift Logic Puzzle
8
kpop group name match up
9
2 word kpop group match
10
Madness Songs By Image
Explore More
Trending Topics
NBA
Disney
Marvel
Kpop
Harry Potter
Anime
Crossword
Puzzle
Pokémon
WWE
Soccer
Song
Country
The Office
NFL
hide this ad
More By:
redwing61
Quiz
Plays
Rating
Category
Featured
Created
U.S. States by Canadian Border Length
3,668
4.36
Geography
Apr 8, 2011
NCAA Men's Division I College Hockey Teams
1,599
4.60
Sports
Nov 16, 2011
100 (More) Classic Rock Bands/Artists
543
5.00
Music
Mar 18, 2017
Colleges and Universities of Michigan
490
4.00
Geography
Nov 12, 2011
Most-Populous Non-Suburb Michigan Cities
397
3.60
Geography
Oct 21, 2011
Go to Creator's Profile
Score Distribution
Quiz Creator Spotlight
redwing61
Follow
Send a Message
Quizzes Created
-
Created Quiz Play Count
-
More By This Creator
Popular Quizzes Today
1
Countries of Asia Without Outlines Minefield
2
Find the US States - No Outlines Minefield
3
Pick 6: Fruits
4
The Countries of the World
5
Alphabetical 'K' Countries by Flag Minefield
6
Find the Countries of Europe - No Outlines Minefield
7
US States
8
Find the US States
More Music Quizzes
Word Ladder: Fat Bottomed Girls
Quiz Lab
Trending Quizzes
Pick 6: Mountains
Pick 6: Harry Potter
Pick 6: Flags
Pick 6: NFL Teams
Pick 6: Movie Franchises
Recently Updated
Adaptations: Name the Title
pecheneg
NWSL Teams
pecheneg
Women's Final Four Teams by Year
bhenderson79
Presidents Quartet II
eogle
Anything But Clue(do)
eogle
Anything But Oceanian Capitals
eogle
Anything But 7
eogle
Anything But Thing
eogle
Word Ladder: February 29
pecheneg
Song Title Questions
pecheneg
Trending Topics
Anime
Disney
Harry Potter
Kpop
Crossword
Marvel
NBA
Puzzle
Pokémon
The Office
Country
WWE
NFL
Soccer
Song
Your Account Isn't Verified!
In order to create a playlist on Sporcle, you need to verify the email address you used during registration. Go to your
Sporcle Settings
to finish the process.
Report this User
Report this user for behavior that violates our
Community Guidelines
.
Details:
Send Report
Go to the Sporcle.com Mobile Site →
Comments